000
00199 a2200097 4500
001
15123
100
_a
Molloy E
245
_a
Airframes
260
_a
London
_b
George Newnes
_c
090
_c
11873
_d
11873
942
_a
NUST-CAE
_c
M
_c
2084
999
_c
250196
_d
250196